000 00684nam a2200277Ia 4500
005 20260324130139.0
008 008 260324s9999 xx 000 0 eng d
020 _a9781003122821
037 _aEBOOK
040 _aCRL
040 _beng
040 _cCRL
041 _2eng
041 _aeng
084 _qCRL
100 _aAnthony Colman; Philippa Hopkins; Victor Lyon
_91180677
245 4 _aThe Practice and Procedure of the Commercial Court
260 _bTaylor and Francis
260 _c2008
365 _a
365 _b660
856 _uhttp://www.taylorfrancis.com/books/9781003122821
942 _cEBOOK
999 _c1776589
_d1776589